<?xml version="1.0" encoding="UTF-8"?>
<record
    xmlns:xsi="http://www.w3.org/2001/XMLSchema-instance"
    xsi:schemaLocation="http://www.loc.gov/MARC21/slim http://www.loc.gov/standards/marcxml/schema/MARC21slim.xsd"
    xmlns="http://www.loc.gov/MARC21/slim">

  <leader>03336cam a22004574i 4500</leader>
  <controlfield tag="003">PE-LiUPU</controlfield>
  <controlfield tag="005">20250731165436.0</controlfield>
  <controlfield tag="008">160519s2015    pe a   grm    000 0 spa d</controlfield>
  <datafield tag="035" ind1=" " ind2=" ">
    <subfield code="a">(Sirsi) a156763</subfield>
  </datafield>
  <datafield tag="040" ind1=" " ind2=" ">
    <subfield code="a">PE-LiUPU</subfield>
    <subfield code="b">spa</subfield>
    <subfield code="c">PE-LiUPU</subfield>
    <subfield code="e">rda</subfield>
  </datafield>
  <datafield tag="099" ind1=" " ind2=" ">
    <subfield code="a">TIS 2</subfield>
    <subfield code="b">H89 2015</subfield>
  </datafield>
  <datafield tag="100" ind1="1" ind2=" ">
    <subfield code="a">Huichi Quequejana, William Oscar</subfield>
    <subfield code="e">autor</subfield>
  </datafield>
  <datafield tag="245" ind1="1" ind2=" ">
    <subfield code="a">Implementaci&#xF3;n de una plataforma de Business Intelligence para la toma de decisiones en un centro de salud /</subfield>
    <subfield code="c">William Oscar Huichi Quequejana.</subfield>
  </datafield>
  <datafield tag="264" ind1=" " ind2="0">
    <subfield code="c">2015.</subfield>
  </datafield>
  <datafield tag="300" ind1=" " ind2=" ">
    <subfield code="a">180 hojas : </subfield>
    <subfield code="b">ilustraciones;</subfield>
    <subfield code="c">30 cm</subfield>
  </datafield>
  <datafield tag="336" ind1=" " ind2=" ">
    <subfield code="a">text</subfield>
    <subfield code="2">rdacontent</subfield>
  </datafield>
  <datafield tag="337" ind1=" " ind2=" ">
    <subfield code="a">unmediated</subfield>
    <subfield code="2">rdamedia</subfield>
  </datafield>
  <datafield tag="338" ind1=" " ind2=" ">
    <subfield code="a">volume</subfield>
    <subfield code="2">rdacarrier</subfield>
  </datafield>
  <datafield tag="502" ind1=" " ind2=" ">
    <subfield code="a">Tesis</subfield>
    <subfield code="b">(Lic.) -- </subfield>
    <subfield code="c">Universidad Peruana Uni&#xF3;n,</subfield>
    <subfield code="d">2015.</subfield>
  </datafield>
  <datafield tag="504" ind1=" " ind2=" ">
    <subfield code="a">Incluye bibliograf&#xED;a</subfield>
  </datafield>
  <datafield tag="520" ind1="3" ind2=" ">
    <subfield code="a">Este proyecto de investigaci&#xF3;n presenta la implementaci&#xF3;n de una plataforma de Business Intelligence para la toma de decisiones en un centro de salud. En estos &#xFA;ltimos a&#xF1;os, la gran demanda de informaci&#xF3;n y los grandes vol&#xFA;menes de datos han sido un desaf&#xED;o para las organizaciones en nuestro pa&#xED;s y en el mundo entero. Se estima que s&#xF3;lo un tercio de las empresas usan indicadores para medir su gesti&#xF3;n, esto representa un enorme desaf&#xED;o. Como dice un viejo dicho, no se puede gestionar lo que no se mide. Esto indica que hay un gran n&#xFA;mero de empresas que est&#xE1;n siendo gestionadas por intuici&#xF3;n y experiencia, por lo general no es malo si se combina con informaci&#xF3;n pero est&#xE1; probado en varios estudios que es mucho m&#xE1;s acertado tomar decisiones en los negocios basados en informaci&#xF3;n que en la intuici&#xF3;n. As&#xED; como existen grandes hospitales y cl&#xED;nicas, tambi&#xE9;n est&#xE1;n los centros de salud en un primer nivel de atenci&#xF3;n, en donde uno de los problemas m&#xE1;s frecuentes es el p&#xE9;simo control en la gesti&#xF3;n de atenci&#xF3;n ambulatoria, esto hace que el proceso de toma decisiones no sea la mejor, incluso muchos centros de salud a&#xFA;n almacenan sus datos de atenci&#xF3;n ambulatoria en registros f&#xED;sicos y archivos planos. Como se dice, algo peor que no tener informaci&#xF3;n es no saber qu&#xE9; hacer con ella. La pregunta es, &#xBF;qu&#xE9; podr&#xED;an hacer para darle un buen uso? En soluci&#xF3;n a este problema nace el Business Intelligence como la habilidad corporativa para tomar decisiones basadas en la informaci&#xF3;n precisa y oportuna, garantizando el conocimiento necesario para escoger la alternativa que sea m&#xE1;s conveniente para el &#xE9;xito de la organizaci&#xF3;n. Al implementar la plataforma de Business Intelligence, se mejor&#xF3; el control en la gesti&#xF3;n de atenciones ambulatorias, logrando la optimizaci&#xF3;n del proceso de tomas de decisiones y satisfacci&#xF3;n propia del centro de salud.</subfield>
  </datafield>
  <datafield tag="526" ind1=" " ind2=" ">
    <subfield code="a">SEG44</subfield>
  </datafield>
  <datafield tag="526" ind1=" " ind2=" ">
    <subfield code="a">SEG26</subfield>
  </datafield>
  <datafield tag="526" ind1=" " ind2=" ">
    <subfield code="a">P151</subfield>
  </datafield>
  <datafield tag="526" ind1=" " ind2=" ">
    <subfield code="a">P150</subfield>
  </datafield>
  <datafield tag="526" ind1=" " ind2=" ">
    <subfield code="a">P149</subfield>
  </datafield>
  <datafield tag="526" ind1=" " ind2=" ">
    <subfield code="a">P146</subfield>
  </datafield>
  <datafield tag="526" ind1=" " ind2=" ">
    <subfield code="a">P145</subfield>
  </datafield>
  <datafield tag="526" ind1=" " ind2=" ">
    <subfield code="a">P126</subfield>
  </datafield>
  <datafield tag="526" ind1=" " ind2=" ">
    <subfield code="a">P125</subfield>
  </datafield>
  <datafield tag="526" ind1=" " ind2=" ">
    <subfield code="a">P92</subfield>
  </datafield>
  <datafield tag="526" ind1=" " ind2=" ">
    <subfield code="a">P75</subfield>
  </datafield>
  <datafield tag="526" ind1=" " ind2=" ">
    <subfield code="a">P74</subfield>
  </datafield>
  <datafield tag="526" ind1=" " ind2=" ">
    <subfield code="a">P27</subfield>
  </datafield>
  <datafield tag="526" ind1=" " ind2=" ">
    <subfield code="a">P15</subfield>
  </datafield>
  <datafield tag="650" ind1="0" ind2="4">
    <subfield code="a">Toma de decisiones</subfield>
    <subfield code="x">Innovaciones tecnol&#xF3;gicas</subfield>
    <subfield code="v">Tesis.</subfield>
  </datafield>
  <datafield tag="650" ind1="0" ind2="4">
    <subfield code="a">Inteligencia en los negocios</subfield>
    <subfield code="x">Procesamiento de datos</subfield>
    <subfield code="v">Tesis.</subfield>
  </datafield>
  <datafield tag="596" ind1=" " ind2=" ">
    <subfield code="a">1</subfield>
  </datafield>
  <datafield tag="942" ind1=" " ind2=" ">
    <subfield code="2">ddc</subfield>
    <subfield code="c">TESIS</subfield>
  </datafield>
  <datafield tag="999" ind1=" " ind2=" ">
    <subfield code="a">TIS 2 H89 2015</subfield>
    <subfield code="w">ALPHANUM</subfield>
    <subfield code="c">9413</subfield>
    <subfield code="i">T01973</subfield>
    <subfield code="l">CCODEBUL3</subfield>
    <subfield code="m">BUL</subfield>
    <subfield code="r">1</subfield>
    <subfield code="s">Y</subfield>
    <subfield code="t">TESIS</subfield>
    <subfield code="u">2016-5-19</subfield>
    <subfield code="x">INGENIERIA</subfield>
    <subfield code="P">P27</subfield>
    <subfield code="o">.STAFF. Tesis</subfield>
    <subfield code="d">9413</subfield>
  </datafield>
  <datafield tag="980" ind1=" " ind2=" ">
    <subfield code="8">1</subfield>
    <subfield code="g">ALBERTO SANCHEZ Responsable de Automatizaci&#xF3;n</subfield>
  </datafield>
  <datafield tag="952" ind1=" " ind2=" ">
    <subfield code="r">2022-07-06 00:00:00</subfield>
    <subfield code="l">0</subfield>
    <subfield code="o">TIS 2 H89 2015</subfield>
    <subfield code="p">T01973</subfield>
    <subfield code="t">e1</subfield>
    <subfield code="w">2016-05-19</subfield>
    <subfield code="x">FIA</subfield>
    <subfield code="y">TESIS</subfield>
    <subfield code="z">Este &#xCD;tem NO se presta por ser Ejemplar #1.</subfield>
    <subfield code="1">0</subfield>
    <subfield code="2">ddc</subfield>
    <subfield code="7">1</subfield>
    <subfield code="8">TESIS</subfield>
    <subfield code="f">P27</subfield>
    <subfield code="a">BUL</subfield>
    <subfield code="b">BUL</subfield>
    <subfield code="c">TESIS</subfield>
    <subfield code="d">2016-05-19</subfield>
  </datafield>
</record>
